[Event "14. Bayer Open"]
[Site "Leverkusen"]
[Date "2016.03.14"]
[Round "6.20"]
[White "Birnkott, Manfred"]
[Black "Baier, Uwe"]
[Result "1-0"]
[WhiteElo "1904"]
[BlackElo "1686"]
[PlyCount "101"]
[EventDate "2016.??.??"]
[WhiteTeam "SC Bayer Leverkusen"]
[BlackTeam "SF Schlebusch"]

1. e4 d5 2. exd5 Qxd5 3. Nc3 Qa5 4. d4 c6 5. Nf3 Bg4 6. Be2 Nf6 7. Bd2 Qc7 8.
h3 Bh5 9. Ne5 Bxe2 10. Qxe2 e6 11. O-O Bd6 12. Rfe1 O-O 13. Rad1 Na6 14. a3
Rae8 15. b4 Qc8 16. b5 Nb8 17. Nc4 Be7 18. Bf4 Qd7 19. Ne5 Qc8 20. Nc4 Rd8 21.
b6 Na6 22. bxa7 Qa8 23. Be3 Nd5 24. Rd3 Qxa7 25. Nxd5 cxd5 26. Ne5 Nc7 27. Rb3
Rd6 28. Reb1 Rb8 29. c4 Qa6 30. Qf3 f6 31. c5 Rdd8 32. Nd3 Rf8 33. Qg3 Bd8 34.
Bf4 Rf7 35. Bd6 Rc8 36. Nf4 b5 37. cxb6 Ne8 38. Bc5 e5 39. Ne6 Be7 40. b7 Rb8
41. Rb6 Qa7 42. dxe5 Bxc5 43. Nxc5 Rc7 44. Qe3 Re7 45. Qd4 fxe5 46. Qxd5+ Kh8
47. Ra6 Nc7 48. Rxa7 Nxd5 49. Ra8 Ree8 50. Rxb8 Rxb8 51. Nd7 1-0

[Event "14. Bayer Open"]
[Site "Leverkusen"]
[Date "2016.03.14"]
[Round "6.21"]
[White "Rist, Kurt"]
[Black "Vranidis, Georgios"]
[Result "0-1"]
[WhiteElo "1450"]
[BlackElo "1835"]
[PlyCount "70"]
[EventDate "2016.??.??"]
[WhiteTeam "SG Solingen"]
[BlackTeam "SC Solingen 28"]

1. e4 c5 2. Nf3 Nc6 3. d4 cxd4 4. Nxd4 Qb6 5. Nb3 e6 6. Be3 Qc7 7. Nc3 Bb4 8.
Bd2 Nf6 9. Qf3 Qe5 10. Bd3 d5 11. O-O-O dxe4 12. Nxe4 Bxd2+ 13. Nexd2 O-O 14.
Rhe1 Qg5 15. Kb1 Ne5 16. Rxe5 Qxe5 17. g4 Qd5 18. Qh3 Qg5 19. f3 Rd8 20. Qg3 e5
21. h4 Qf4 22. Qg2 e4 23. fxe4 Qxg4 24. Qf1 Be6 25. Nc5 Rac8 26. Be2 Qh3 27.
Qf2 Ng4 28. Bxg4 Qxg4 29. Kc1 b6 30. Rg1 Qh5 31. Qf6 Bg4 32. Qe7 bxc5 33. Qxa7
Qh6 34. Rg2 Qe3 35. Qa5 Qe1# 0-1

[Event "14. Bayer Open"]
[Site "Leverkusen"]
[Date "2016.03.14"]
[Round "6.22"]
[White "Vranidis, Athanassios"]
[Black "Stenzel, Michael"]
[Result "1-0"]
[WhiteElo "1838"]
[BlackElo "1550"]
[PlyCount "47"]
[EventDate "2016.??.??"]
[WhiteTeam "SG Solingen"]
[BlackTeam "TV Witzhelden"]

1. d4 Nf6 2. Nf3 g6 3. Nbd2 Bg7 4. e4 d6 5. Bd3 Nc6 6. c3 O-O 7. d5 Nb8 8. O-O
c5 9. Re1 Bg4 10. h3 Bd7 11. Nf1 b5 12. c4 Qb6 13. Qe2 b4 14. e5 Ne8 15. Bf4
Na6 16. Qd2 e6 17. Ne3 Nac7 18. dxe6 Nxe6 19. Nd5 Qd8 20. Bh6 Bc6 21. Bxg7
N6xg7 22. Be4 Rc8 23. Qh6 Ne6 24. Rad1 1-0

[Event "14. Bayer Open"]
[Site "Leverkusen"]
[Date "2016.03.14"]
[Round "6.23"]
[White "Schmuck, Markus"]
[Black "Yon, Gregory"]
[Result "1-0"]
[WhiteElo "1931"]
[BlackElo "1426"]
[PlyCount "87"]
[EventDate "2016.??.??"]
[WhiteTeam "vereinlos"]
[BlackTeam "Bergische SF"]

1. d4 Nf6 2. c4 c5 3. d5 b5 4. cxb5 a6 5. b6 Qxb6 6. Nc3 g6 7. e4 d6 8. Qc2 Bg7
9. Nf3 Nbd7 10. Bd2 O-O 11. Be2 Ng4 12. Na4 Qa7 13. O-O Nge5 14. Bc3 Nxf3+ 15.
Bxf3 Ne5 16. Be2 Bd7 17. Kh1 Bb5 18. f4 Nd7 19. Bxg7 Kxg7 20. Nc3 Rfb8 21. Rf3
Bxe2 22. Nxe2 Qb6 23. b3 a5 24. Raf1 a4 25. Qb2+ f6 26. h4 axb3 27. axb3 Qa6
28. Qd2 Qa2 29. Qe3 Qb2 30. Nc1 Ra1 31. Kh2 Rba8 32. Kh3 Qa3 33. Qc3 Qa6 34. h5
Qc8 35. g4 gxh5 36. Rg3 hxg4+ 37. Rxg4+ Kf7 38. Rfg1 Nb6 39. Kh2 Qa6 40. Qh3
Rh8 41. Qh5+ Kf8 42. Rg7 Ra2+ 43. Kh1 Rh2+ 44. Kxh2 1-0

[Event "14. Bayer Open"]
[Site "Leverkusen"]
[Date "2016.03.14"]
[Round "6.24"]
[White "Liebsch, Felix"]
[Black "Maric, Boris"]
[Result "0-1"]
[WhiteElo "1758"]
[BlackElo "2015"]
[PlyCount "64"]
[EventDate "2016.??.??"]
[WhiteTeam "SC Bayer Leverkusen"]
[BlackTeam "SV Grünfeld"]

1. e4 c5 2. Nf3 d6 3. Bb5+ Nd7 4. O-O Ngf6 5. Qe2 a6 6. Bxd7+ Nxd7 7. c3 g6 8.
d4 Bg7 9. Be3 Qc7 10. Nbd2 O-O 11. Rac1 b5 12. Rfd1 h6 13. Nf1 Bb7 14. Ng3 Nb6
15. h4 Nc4 16. d5 e5 17. b3 Nxe3 18. Qxe3 f5 19. exf5 gxf5 20. Nh5 Rae8 21. c4
b4 22. Re1 Qf7 23. Nxg7 Kxg7 24. Nd2 Qh5 25. Qg3+ Kh7 26. f4 Rg8 27. Qf3 Rg4
28. fxe5 dxe5 29. Rf1 Bc8 30. Qe3 Reg8 31. Nf3 Rxg2+ 32. Kh1 Qg4 0-1

[Event "14. Bayer Open"]
[Site "Leverkusen"]
[Date "2016.03.14"]
[Round "6.25"]
[White "Spiekermann, Stefan"]
[Black "Kaspar, Uwe"]
[Result "1-0"]
[WhiteElo "2011"]
[BlackElo "1849"]
[PlyCount "139"]
[EventDate "2016.??.??"]
[WhiteTeam "SV Menden"]
[BlackTeam "Düsseldorfer SK"]

1. e4 e5 2. Nf3 Nc6 3. Bc4 Bc5 4. c3 Nf6 5. d3 h6 6. Nbd2 d5 7. exd5 Nxd5 8.
O-O O-O 9. Re1 Bg4 10. h3 Bh5 11. Ne4 Be7 12. Ng3 Bg6 13. Nxe5 Nxe5 14. Rxe5
Nb6 15. Bb3 c5 16. Nf5 Bd6 17. Nxd6 Qxd6 18. d4 cxd4 19. Qxd4 Qxd4 20. cxd4
Rfd8 21. Be3 Kf8 22. Rc1 Rac8 23. Rec5 Be4 24. Rc7 Rxc7 25. Rxc7 Rd7 26. Rxd7
Nxd7 27. f3 Bd3 28. Bd5 b6 29. Bd2 a5 30. Bf4 Ke7 31. Bc7 a4 32. Kf2 b5 33. Ba5
Bc4 34. Bb4+ Kf6 35. Bc6 Ke6 36. d5+ Bxd5 37. Bxb5 Bxa2 38. Bxa4 Nb6 39. Bc6 h5
40. Bc5 Nd7 41. Bd4 g6 42. h4 Kd6 43. Bb7 Bd5 44. Bxd5 Kxd5 45. Ke3 Nf8 46. Kd3
Ne6 47. Be3 Ng7 48. b4 Nf5 49. Bf2 Nd6 50. g4 hxg4 51. fxg4 f5 52. h5 fxg4 53.
h6 g3 54. Bxg3 Nf7 55. h7 Kc6 56. Bf2 Kb5 57. Kc3 g5 58. Bd4 g4 59. h8=Q Nxh8
60. Bxh8 g3 61. Bd4 g2 62. Kb3 Kc6 63. Ka4 Kc7 64. Ka5 Kb7 65. Kb5 Kb8 66. Kb6
Ka8 67. Kc5 Kb7 68. Kd6 Ka6 69. Kc6 g1=Q 70. b5+ 1-0

[Event "14. Bayer Open"]
[Site "Leverkusen"]
[Date "2016.03.14"]
[Round "6.26"]
[White "Hennig, Edgar Paul"]
[Black "Hertling, Jürgen"]
[Result "1/2-1/2"]
[WhiteElo "1872"]
[BlackElo "1645"]
[PlyCount "107"]
[EventDate "2016.??.??"]
[WhiteTeam "Satranç Club"]
[BlackTeam "SF Köln-Mülheim"]

1. d4 Nf6 2. Nf3 d5 3. g3 e6 4. Bg2 c5 5. c3 Be7 6. O-O O-O 7. Ne5 Nc6 8. Nxc6
bxc6 9. Qc2 cxd4 10. cxd4 Bb7 11. Nd2 Rc8 12. Nb3 Nd7 13. Be3 a5 14. Rfc1 Bf6
15. Qd2 Ra8 16. Nc5 Nxc5 17. Rxc5 Be7 18. Rc2 Bb4 19. Qd1 Qd7 20. Rac1 Rfe8 21.
Bf4 Bd6 22. Bxd6 Qxd6 23. Rc5 e5 24. dxe5 Qxe5 25. R1c2 g6 26. e4 a4 27. exd5
Qe1+ 28. Qxe1 Rxe1+ 29. Bf1 Ba6 30. Rc1 Rxc1 31. Rxc1 cxd5 32. Rc5 Bxf1 33.
Kxf1 Rb8 34. Rc2 Kg7 35. Ke2 Kf6 36. Kd3 Ke5 37. Re2+ Kd6 38. Kc3 Rb7 39. f4 f5
40. Re8 Rc7+ 41. Kd2 Rb7 42. Kc2 Rc7+ 43. Kb1 Ra7 44. Rb8 Kc5 45. Kc2 Kd4 46.
Kd2 Rc7 47. b3 axb3 48. Rxb3 Ra7 49. a3 Kc4 50. Rc3+ Kd4 51. Rd3+ Kc4 52. Rc3+
Kd4 53. Rd3+ Kc4 54. Rc3+ 1/2-1/2

[Event "14. Bayer Open"]
[Site "Leverkusen"]
[Date "2016.03.14"]
[Round "6.27"]
[White "Kreutzmann, Duke"]
[Black "Haverkamp, Klaus"]
[Result "1-0"]
[WhiteElo "1723"]
[BlackElo "1927"]
[PlyCount "121"]
[EventDate "2016.??.??"]
[WhiteTeam "Düsseldorfer SK"]
[BlackTeam "SV Herzogenrath"]

1. d4 Nf6 2. Nf3 d5 3. c4 e6 4. cxd5 exd5 5. Nc3 Bd6 6. Bg5 c6 7. Qc2 Nbd7 8.
e3 Qe7 9. Bd3 h6 10. Bh4 O-O 11. O-O g5 12. Bg3 Re8 13. Bxd6 Qxd6 14. Rfe1 Nf8
15. Ne5 Be6 16. Rab1 Kg7 17. b4 N6d7 18. f4 f6 19. Ng6 Nxg6 20. Bxg6 Re7 21.
Ne2 Nf8 22. Bd3 Rae8 23. fxg5 hxg5 24. Ng3 Bc8 25. Bf5 Qd8 26. Bxc8 Qxc8 27.
Nf5+ Kg8 28. Nxe7+ Rxe7 29. Qf2 Qe6 30. Rbc1 Ng6 31. Qg3 Kg7 32. a4 Nh4 33. Rc3
Nf5 34. Qf2 Nxd4 35. Rf1 c5 36. exd4 cxb4 37. Rf3 Rf7 38. Qb2 a5 39. Qb3 f5 40.
Qe3 Qg6 41. Qe5+ Kg8 42. Rxf5 Rg7 43. Qb8+ Kh7 44. Qg3 Qh5 45. Qh3 Qxh3 46.
gxh3 g4 47. Rf7 gxh3+ 48. Rxg7+ Kxg7 49. Rf3 Kg6 50. Kf2 Kg5 51. Kg3 Kg6 52.
Re3 Kf6 53. Re5 b6 54. Kxh3 b3 55. Re3 Kf5 56. Rxb3 Ke4 57. Rxb6 Kxd4 58. Rb5
Kc4 59. Rxa5 d4 60. Kg3 Kb4 61. Rd5 1-0

[Event "14. Bayer Open"]
[Site "Leverkusen"]
[Date "2016.03.14"]
[Round "6.28"]
[White "Scharff, Klaus"]
[Black "Meul, Willi"]
[Result "0-1"]
[WhiteElo "1863"]
[BlackElo "1744"]
[PlyCount "92"]
[EventDate "2016.??.??"]
[WhiteTeam "SV Opladen"]
[BlackTeam "SV Hürth-Berrenrath"]

1. d4 Nf6 2. c4 g6 3. Nc3 d5 4. Bg5 Ne4 5. Bc1 Nf6 6. cxd5 Nxd5 7. e4 Nxc3 8.
bxc3 Bg7 9. Bc4 c5 10. Be3 O-O 11. f4 Nc6 12. Ne2 Bg4 13. e5 Qa5 14. d5 Bxe2
15. Bxe2 Rfd8 16. Qd2 e6 17. d6 Nxe5 18. fxe5 Bxe5 19. Rc1 Rxd6 20. Qc2 Rad8
21. O-O Qc7 22. g3 a6 23. Qe4 Rb6 24. Bg5 Rd7 25. Rfd1 Rxd1+ 26. Rxd1 f6 27.
Be3 f5 28. Qc4 Bxg3 29. Qxc5 Bxh2+ 30. Kh1 Rc6 31. Qd4 Be5 32. Qd8+ Qxd8 33.
Rxd8+ Kf7 34. Rd7+ Ke8 35. Rxb7 Rxc3 36. Bg5 Rh3+ 37. Kg2 Rg3+ 38. Kf2 Rxg5 39.
Rxh7 a5 40. Bc4 Bd4+ 41. Kf3 e5 42. a4 e4+ 43. Ke2 f4 44. Rh4 Rg2+ 45. Ke1 g5
46. Rh8+ Bxh8 0-1

[Event "14. Bayer Open"]
[Site "Leverkusen"]
[Date "2016.03.14"]
[Round "6.29"]
[White "Pützkaul, Karl"]
[Black "Stuch, Hans-Ferdinand"]
[Result "1/2-1/2"]
[WhiteElo "1695"]
[BlackElo "1659"]
[PlyCount "58"]
[EventDate "2016.??.??"]
[WhiteTeam "SC Bayer Leverkusen"]
[BlackTeam "SC Bonn Beuel"]

1. e4 e5 2. Nf3 Nf6 3. Nc3 Nc6 4. Bc4 Nxe4 5. Nxe4 d5 6. Bd3 dxe4 7. Bxe4 Bd6
8. d4 exd4 9. Nxd4 Bd7 10. Nxc6 bxc6 11. Be3 O-O 12. Qf3 Qf6 13. Qxf6 gxf6 14.
Bf3 Rab8 15. O-O-O a5 16. Bd4 Kg7 17. Bc3 a4 18. a3 Rb5 19. Be2 Rb6 20. Bc4 Be6
21. Bxe6 fxe6 22. g3 c5 23. f4 Rfb8 24. Rhe1 Kf7 25. Re4 c4 26. Rxc4 Bxa3 27.
Rxc7+ Kg6 28. bxa3 Rb1+ 29. Kd2 Rd8+ 1/2-1/2

[Event "14. Bayer Open"]
[Site "Leverkusen"]
[Date "2016.03.14"]
[Round "6.30"]
[White "Kronseder, Michael"]
[Black "Blumenthal, Ralf"]
[Result "1/2-1/2"]
[WhiteElo "1685"]
[BlackElo "1813"]
[PlyCount "70"]
[EventDate "2016.??.??"]
[WhiteTeam "SV Hürth-Berrenrath"]
[BlackTeam "SK Turm Euskirchen"]

1. e4 c5 2. Nc3 a6 3. Bc4 e6 4. d3 b5 5. Bb3 Bb7 6. Nf3 Be7 7. O-O Nf6 8. e5
Nd5 9. Bxd5 exd5 10. d4 d6 11. exd6 Qxd6 12. dxc5 Qxc5 13. Be3 Qd6 14. Qd2 O-O
15. Bf4 Qc5 16. Rfe1 Bf6 17. Be5 Nd7 18. Rad1 Nxe5 19. Nxe5 Rad8 20. Nf3 Qb4
21. Nxd5 Qxb2 22. Nxf6+ Qxf6 23. Qg5 Rxd1 24. Rxd1 Qxg5 25. Nxg5 h6 26. Nh3 Rc8
27. Rc1 Rc3 28. Nf4 Be4 29. Ne2 Rxc2 30. Rxc2 Bxc2 31. Nd4 Bd3 32. a3 Kf8 33.
Nb3 Bc4 34. Nc5 Ke7 35. Nxa6 b4 1/2-1/2

[Event "14. Bayer Open"]
[Site "Leverkusen"]
[Date "2016.03.14"]
[Round "6.31"]
[White "Axmann, Michael"]
[Black "Janssen, Wolfgang"]
[Result "1/2-1/2"]
[WhiteElo "1741"]
[BlackElo "1588"]
[PlyCount "78"]
[EventDate "2016.??.??"]
[WhiteTeam "SC Bayer Leverkusen"]
[BlackTeam "SV Dormagen"]

1. d4 Nf6 2. Nf3 g6 3. c4 Bg7 4. Nc3 O-O 5. e4 d6 6. Be2 e5 7. O-O Nc6 8. dxe5
dxe5 9. Bg5 h6 10. Be3 a6 11. Qc1 Kh7 12. h3 Bd7 13. a3 Re8 14. Rd1 Qc8 15. Rb1
g5 16. Nh2 Ne7 17. Qd2 Ng6 18. f3 Nf4 19. Bxf4 gxf4 20. Nd5 Nxd5 21. cxd5 h5
22. Qe1 Bf6 23. Kh1 Rg8 24. Rbc1 Be7 25. d6 Bxd6 26. Rxd6 cxd6 27. Rxc8 Raxc8
28. Nf1 Rc2 29. g4 fxg3 30. Nxg3 Rxg3 31. Qxg3 Rxe2 32. Qg5 Be6 33. Qxh5+ Kg7
34. Qg5+ Kh7 35. Qh5+ Kg7 36. f4 Rxe4 37. Qg5+ Kf8 38. Qd8+ Kg7 39. Qg5+ Kf8
1/2-1/2

[Event "14. Bayer Open"]
[Site "Leverkusen"]
[Date "2016.03.14"]
[Round "6.32"]
[White "Kuhn, Andreas"]
[Black "Asadzade, Idris"]
[Result "1-0"]
[WhiteElo "1831"]
[BlackElo "1654"]
[PlyCount "75"]
[EventDate "2016.??.??"]
[WhiteTeam "SG Niederkassel"]
[BlackTeam "Königsspringer Leverkusen"]

1. d4 Nf6 2. c4 e6 3. Nf3 d5 4. g3 Be7 5. Bg2 b6 6. O-O Bb7 7. Ne5 O-O 8. Nc3
Nbd7 9. Qa4 Nxe5 10. dxe5 Nd7 11. cxd5 Nxe5 12. d6 Bxg2 13. dxe7 Qxe7 14. Kxg2
Rfd8 15. Bf4 Ng6 16. Rfd1 e5 17. Be3 Qe6 18. Rxd8+ Rxd8 19. Rd1 Ra8 20. Qd7 Qc4
21. Qd5 Qxd5+ 22. Nxd5 c5 23. a4 Rc8 24. Bd2 Rc6 25. e4 a6 26. Nc3 Ne7 27. Bg5
f6 28. Rd7 Kf8 29. Be3 h6 30. Nd5 Nc8 31. Rc7 Rxc7 32. Nxc7 a5 33. Nd5 Kf7 34.
b3 g5 35. f3 Kg6 36. g4 Kf7 37. Kf2 Ke6 38. Ke2 1-0

[Event "14. Bayer Open"]
[Site "Leverkusen"]
[Date "2016.03.14"]
[Round "6.35"]
[White "Meyer zu Kniendorf, Jochen"]
[Black "Schimpf, Rolf"]
[Result "1/2-1/2"]
[WhiteElo "1483"]
[BlackElo "1702"]
[PlyCount "114"]
[EventDate "2016.??.??"]
[WhiteTeam "Düsseldorfer SK"]
[BlackTeam "SC Bayer Leverkusen"]

1. c4 e5 2. g3 d6 3. Bg2 f5 4. d3 Nf6 5. Nc3 g6 6. Bg5 c6 7. e4 Bg7 8. Nge2 O-O
9. Qd2 Qc7 10. O-O Be6 11. Rac1 Nbd7 12. b4 a5 13. b5 Nc5 14. f3 Bd7 15. Rb1
Ne6 16. Be3 fxe4 17. dxe4 c5 18. Nd5 Nxd5 19. exd5 Nd4 20. Nc3 b6 21. Rf2 Nf5
22. Bg5 h6 23. Be3 Nxe3 24. Qxe3 Rae8 25. Ne4 Bf5 26. Rbf1 Qe7 27. Re1 Rf7 28.
Nc3 Qd8 29. Ne4 Ref8 30. Ref1 Bc8 31. h3 Kh7 32. Kh2 Re8 33. Re1 Bf8 34. f4 Bg7
35. f5 Rxf5 36. Rxf5 Bxf5 37. Nd2 Qe7 38. Ne4 Rf8 39. Rf1 Kg8 40. Rf2 h5 41.
Bf3 Bd7 42. Rg2 Rf7 43. Qe2 Bh6 44. Kg1 Qf8 45. Rf2 Bxh3 46. Bxh5 Rxf2 47. Nxf2
Bf5 48. Bf3 Qe7 49. Ne4 Bf8 50. Qe3 Qg7 51. Qf2 Be7 52. Qh2 g5 53. Qh5 Bd7 54.
Bg4 Be8 55. Be6+ Kf8 56. Qf3+ Bf7 57. Bxf7 Qxf7 1/2-1/2

[Event "14. Bayer Open"]
[Site "Leverkusen"]
[Date "2016.03.14"]
[Round "6.37"]
[White "Diaubalick, Ulrich"]
[Black "Pyrowicz, Jacek"]
[Result "0-1"]
[WhiteElo "1537"]
[BlackElo "1827"]
[PlyCount "60"]
[EventDate "2016.??.??"]
[WhiteTeam "SF Düsseldorf-Süd"]
[BlackTeam "SV Wermelskirchen"]

1. e4 c5 2. Nf3 Nc6 3. Nc3 g6 4. d3 Bg7 5. Be3 d6 6. Be2 Nf6 7. a3 Ng4 8. Bf4
O-O 9. h3 Nge5 10. Qd2 Nxf3+ 11. Bxf3 Nd4 12. Bd1 Re8 13. O-O b5 14. Rb1 Be6
15. b3 Qd7 16. Ne2 a5 17. c3 Nc6 18. d4 cxd4 19. cxd4 d5 20. e5 f6 21. exf6
exf6 22. Nc3 Na7 23. Bf3 Bf8 24. b4 axb4 25. axb4 g5 26. Be3 Nc8 27. Be2 Nd6
28. Bd3 Rec8 29. Qc2 Nc4 30. Bxh7+ Qxh7 0-1

[Event "14. Bayer Open"]
[Site "Leverkusen"]
[Date "2016.03.14"]
[Round "6.38"]
[White "van Kempen, Susanne"]
[Black "Bießner, Eberhard"]
[Result "1/2-1/2"]
[WhiteElo "1463"]
[BlackElo "1719"]
[PlyCount "55"]
[EventDate "2016.??.??"]
[WhiteTeam "SV Opladen"]
[BlackTeam "Rheydter SV"]

1. e4 Nf6 2. Nc3 d5 3. exd5 Nxd5 4. Nxd5 Qxd5 5. Qf3 Qe5+ 6. Qe3 Nc6 7. Nf3
Qxe3+ 8. dxe3 Bg4 9. Be2 f6 10. h3 Bh5 11. c3 O-O-O 12. Nd4 Be8 13. Ne6 Rd6 14.
Nxf8 Rxf8 15. Bd2 Bf7 16. b3 Rfd8 17. O-O-O Ne5 18. Kc2 Bg6+ 19. Kc1 Bd3 20.
Rhe1 Be4 21. f3 Bg6 22. e4 Nd3+ 23. Bxd3 Rxd3 24. Kc2 f5 25. exf5 Bxf5 26. Kc1
R8d7 27. c4 c6 28. Bb4 1/2-1/2

[Event "14. Bayer Open"]
[Site "Leverkusen"]
[Date "2016.03.14"]
[Round "6.39"]
[White "van Kempen, Heinz"]
[Black "Falge, Rainer"]
[Result "1/2-1/2"]
[WhiteElo "1629"]
[BlackElo "1536"]
[PlyCount "32"]
[EventDate "2016.??.??"]
[WhiteTeam "SV Opladen"]
[BlackTeam "SG Solingen"]

1. e4 d6 2. d4 Nf6 3. Nc3 g6 4. f4 Bg7 5. Nf3 c5 6. e5 dxe5 7. fxe5 Nfd7 8. e6
fxe6 9. Ng5 Qb6 10. Na4 Qc6 11. Nxc5 Nxc5 12. dxc5 O-O 13. Qe2 Na6 14. c3 Nxc5
15. Be3 Ne4 16. Nxe4 Qxe4 1/2-1/2

[Event "14. Bayer Open"]
[Site "Leverkusen"]
[Date "2016.03.14"]
[Round "6.40"]
[White "Elsweiler, Karl-Heinz"]
[Black "Lechner, Alexander"]
[Result "1/2-1/2"]
[WhiteElo "1571"]
[BlackElo "1791"]
[PlyCount "86"]
[EventDate "2016.??.??"]
[WhiteTeam "SV Opladen"]
[BlackTeam "Düsseldorfer SK"]

1. b4 d5 2. Bb2 Bg4 3. Nf3 Bxf3 4. exf3 e6 5. Be2 Nf6 6. b5 Bd6 7. a4 a6 8. Nc3
O-O 9. Ba3 Bxa3 10. Rxa3 axb5 11. Nxb5 c5 12. Qa1 Nc6 13. O-O Nh5 14. g3 Qg5
15. Rd1 Nf4 16. Bf1 Nb4 17. Qb2 Qg6 18. d3 b6 19. Kh1 Qh5 20. d4 Nfd3 21. Rdxd3
Nxd3 22. Bxd3 Qxf3+ 23. Kg1 Qd1+ 24. Bf1 c4 25. Ra1 Qd2 26. Qc3 Qxc3 27. Nxc3
Ra5 28. Rb1 Rb8 29. Be2 Kf8 30. Kf1 Ke7 31. Ke1 Kd6 32. f4 f6 33. Bf3 Kc7 34.
Kd2 Rf8 35. Re1 Kd6 36. Bg4 f5 37. Bd1 Kd7 38. Bf3 Rg8 39. Rb1 Ra6 40. Re1 h6
41. Rxe6 g5 42. Bxd5 gxf4 43. gxf4 Rg2+ 1/2-1/2

[Event "14. Bayer Open"]
[Site "Leverkusen"]
[Date "2016.03.14"]
[Round "6.41"]
[White "Hartmann, Stephan"]
[Black "Gülden, Ralf"]
[Result "1/2-1/2"]
[WhiteElo "1608"]
[BlackElo "1564"]
[PlyCount "50"]
[EventDate "2016.??.??"]
[WhiteTeam "SG Idstein"]
[BlackTeam "Königsspringer Leverkusen"]

1. c4 Nf6 2. Nc3 c5 3. g3 e6 4. Bg2 Nc6 5. e4 Be7 6. d3 O-O 7. Nge2 e5 8. O-O
d6 9. a3 Be6 10. f4 Bg4 11. Qc2 exf4 12. Bxf4 Qd7 13. Rab1 Bh3 14. b4 Bxg2 15.
Kxg2 b6 16. b5 Ne5 17. Bg5 Nfg4 18. Bd2 Ng6 19. Nd5 Rae8 20. h3 N4e5 21. Rf5
Qd8 22. Rbf1 Nd7 23. Qa4 Qb8 24. Qc2 Qd8 25. Qa4 Qb8 1/2-1/2

[Event "14. Bayer Open"]
[Site "Leverkusen"]
[Date "2016.03.14"]
[Round "6.43"]
[White "Ipekyilmaz, Tayfun"]
[Black "Multhauf, Stefan"]
[Result "1/2-1/2"]
[WhiteElo "1600"]
[BlackElo "1610"]
[PlyCount "37"]
[EventDate "2016.??.??"]
[WhiteTeam "Langenfelder SF"]
[BlackTeam "Königsspringer Leverkusen"]

1. e4 e6 2. d4 d5 3. Nc3 dxe4 4. Nxe4 Bd7 5. Nf3 Bc6 6. Bd3 Nd7 7. Bg5 Be7 8.
h4 Bxe4 9. Bxe4 c6 10. Bxe7 Qxe7 11. c3 Ngf6 12. Bd3 e5 13. O-O O-O 14. dxe5
Nxe5 15. Re1 Nxf3+ 16. Qxf3 Qc7 17. g4 Rfe8 18. Qf5 Qd7 19. Qxd7 1/2-1/2

[Event "14. Bayer Open"]
[Site "Leverkusen"]
[Date "2016.03.14"]
[Round "6.44"]
[White "Hegmann, Werner"]
[Black "Weirich, Ralf"]
[Result "1/2-1/2"]
[WhiteElo "1551"]
[BlackElo "1229"]
[PlyCount "108"]
[EventDate "2016.??.??"]
[WhiteTeam "SV Opladen"]
[BlackTeam "TV Witzhelden"]

1. e4 e5 2. Nf3 Nc6 3. Bc4 Bc5 4. c3 Nf6 5. b4 Be7 6. d3 O-O 7. a4 Nxb4 8. cxb4
Bxb4+ 9. Bd2 Be7 10. Nc3 d6 11. h3 Be6 12. Qb3 Qc8 13. Bg5 h6 14. Bxf6 Bxf6 15.
O-O Rb8 16. Nd5 Bxd5 17. exd5 e4 18. dxe4 Bxa1 19. Rxa1 a6 20. Qd3 Qe8 21. Nd4
Qe5 22. Rb1 c5 23. Nf5 Rfe8 24. f3 Kh7 25. Qe3 b5 26. axb5 Qxf5 27. b6 Qe5 28.
b7 Qd4 29. Qxd4 cxd4 30. Bxa6 Re7 31. Rd1 Rc7 32. Rxd4 Rc1+ 33. Kf2 Ra1 34. Bd3
g6 35. f4 Rxb7 36. e5 Ra2+ 37. Kf3 Rb6 38. Re4 Ra3 39. Ke3 Rbb3 40. Rd4 dxe5
41. fxe5 Kg7 42. d6 Rb8 43. g4 f6 44. e6 Kf8 45. Kf4 g5+ 46. Kf5 Kg7 47. d7
Ra5+ 48. Ke4 Re5+ 49. Kf3 Rd8 50. Bc4 Kf8 51. Rd6 Ke7 52. Rc6 Ra5 53. Bd3 Ra3
54. Ke4 Ra4+ 1/2-1/2

[Event "14. Bayer Open"]
[Site "Leverkusen"]
[Date "2016.03.14"]
[Round "6.45"]
[White "Pfister, Jürgen"]
[Black "Kopernok, Ingo"]
[Result "1-0"]
[WhiteElo "1240"]
[BlackElo "1341"]
[PlyCount "51"]
[EventDate "2016.??.??"]
[WhiteTeam "SF Düsseldorf-Süd"]
[BlackTeam "SG Solingen"]

1. e4 c6 2. d4 d5 3. Nc3 dxe4 4. Nxe4 Bf5 5. Ng3 Bg6 6. Nf3 Nd7 7. Bd3 e6 8.
Bxg6 hxg6 9. Bd2 Be7 10. Qe2 Nh6 11. O-O-O Qb6 12. Kb1 a5 13. c4 Bb4 14. Bf4
O-O 15. c5 Bxc5 16. dxc5 Nxc5 17. Be3 Qa7 18. Rc1 b6 19. Ne5 Rac8 20. Qf3 Qa6
21. Bxc5 bxc5 22. Rxc5 Kh7 23. Rhc1 Nf5 24. Nxf5 exf5 25. Nxc6 Qb6 26. Qh3+ 1-0

[Event "14. Bayer Open"]
[Site "Leverkusen"]
[Date "2016.03.14"]
[Round "6.46"]
[White "Elshani, Shaip"]
[Black "Klees, Robert"]
[Result "1-0"]
[WhiteElo "1582"]
[BlackElo "1349"]
[PlyCount "63"]
[EventDate "2016.??.??"]
[WhiteTeam "SC Bayer Leverkusen"]
[BlackTeam "SF Düsseldorf-Süd"]

1. d4 Nf6 2. Nc3 c5 3. e3 cxd4 4. exd4 d5 5. g3 Bg4 6. Be2 Bf5 7. Bd3 Nc6 8.
Bxf5 e6 9. Bd3 Nxd4 10. Bxh7 Rxh7 11. Qxd4 b6 12. Bg5 Bc5 13. Qd3 g6 14. Qf3
Be7 15. Nge2 Nd7 16. Bxe7 Qxe7 17. O-O-O Ne5 18. Qf4 Nc4 19. a3 g5 20. Qf3 f5
21. Nd4 g4 22. Qf4 Qf6 23. Rhe1 Re7 24. Ncb5 e5 25. Qxf5 Qg7 26. Ne6 Qh8 27.
Rxd5 e4 28. Nd6+ Nxd6 29. Rxd6 Rc8 30. Rxe4 Rf7 31. Ng5+ Kf8 32. Qxf7# 1-0

[Event "14. Bayer Open"]
[Site "Leverkusen"]
[Date "2016.03.14"]
[Round "6.47"]
[White "Milz, Ulrich"]
[Black "Dörper, Georg"]
[Result "1/2-1/2"]
[WhiteElo "1474"]
[BlackElo "1340"]
[PlyCount "34"]
[EventDate "2016.??.??"]
[WhiteTeam "SC Bayer Leverkusen"]
[BlackTeam "SF Düsseldorf-Süd"]

1. e4 c5 2. Bc4 e6 3. a3 d5 4. exd5 exd5 5. Ba2 Nf6 6. h3 Nc6 7. Nc3 Be7 8. Nf3
O-O 9. O-O h6 10. d4 Be6 11. Be3 b6 12. Ne5 Rc8 13. Nxc6 Rxc6 14. Ne2 Bd6 15.
c3 Bf5 16. dxc5 bxc5 17. Bf4 Be6 1/2-1/2

[Event "14. Bayer Open"]
[Site "Leverkusen"]
[Date "2016.03.14"]
[Round "6.49"]
[White "Haag, Helmut"]
[Black "Kayser, Manfred"]
[Result "1/2-1/2"]
[WhiteElo "1394"]
[BlackElo "1501"]
[PlyCount "95"]
[EventDate "2016.??.??"]
[WhiteTeam "Langenfelder SF"]
[BlackTeam "Königsspringer Leverkusen"]

1. d4 Nf6 2. c4 e6 3. Nc3 Be7 4. Nf3 O-O 5. Bf4 a6 6. h3 Bb4 7. Qc2 Nc6 8. e3
b6 9. Be2 Bb7 10. O-O Bxc3 11. Qxc3 Ne4 12. Qe1 d6 13. Nd2 Nxd2 14. Qxd2 Ne7
15. Qd1 Ng6 16. Bg3 e5 17. dxe5 dxe5 18. Qxd8 Raxd8 19. Rfd1 f5 20. Rxd8 Rxd8
21. Rd1 Rxd1+ 22. Bxd1 f4 23. exf4 exf4 24. Bh2 c5 25. Bc2 Nh4 26. f3 g5 27.
Kf1 Kg7 28. Bg1 Bc8 29. Bf2 Nf5 30. Bxf5 Bxf5 31. Ke2 Kf6 32. Kd2 Bb1 33. a3 h5
34. b4 cxb4 35. axb4 b5 36. c5 Bf5 37. Kc3 Be6 38. Bd4+ Kf5 39. c6 g4 40. Kd2
gxh3 41. gxh3 Kg5 42. Be5 Bxh3 43. c7 Bf5 44. Ke2 h4 45. Kf2 h3 46. Bd6 Bd7 47.
Kg1 Bf5 48. Kf2 1/2-1/2

[Event "14. Bayer Open"]
[Site "Leverkusen"]
[Date "2016.03.14"]
[Round "6.51"]
[White "Müller, Horst"]
[Black "Scheunemann, Uwe"]
[Result "0-1"]
[WhiteElo "1487"]
[BlackElo "1446"]
[PlyCount "80"]
[EventDate "2016.??.??"]
[WhiteTeam "SV Springer Hitdorf"]
[BlackTeam "TV Witzhelden"]

1. Nf3 d5 2. d4 Nf6 3. c4 c6 4. Nc3 e6 5. cxd5 exd5 6. g3 Be7 7. Bg2 O-O 8. O-O
Re8 9. Re1 Ne4 10. Nxe4 dxe4 11. Ne5 Bb4 12. Nxf7 Qe7 13. Ne5 Bxe1 14. Qxe1 Be6
15. Bxe4 Nd7 16. Nxd7 Qxd7 17. e3 Bh3 18. Bg2 Bxg2 19. Kxg2 Qxd4 20. Bd2 Qd5+
21. Kg1 Rad8 22. Bc3 b6 23. Qe2 Qf5 24. Rd1 Rxd1+ 25. Qxd1 Rf8 26. f4 Qe4 27.
Kf2 Re8 28. Be5 Qf5 29. Kg2 Qe6 30. e4 g5 31. Qh5 gxf4 32. gxf4 Qg6+ 33. Qxg6+
hxg6 34. h4 Kf7 35. Kf3 Rd8 36. Ke2 Rc8 37. Kf3 Rd8 38. Ke2 Rd7 39. Bc3 Ke6 40.
Be5 Rh7 0-1